East meets West (Record no. 83284)
[ view plain ]
| 000 -LEADER | |
|---|---|
| fixed length control field | 01041cab a22002055a 4500 |
| 001 - CONTROL NUMBER | |
| control field | L153405 |
| 008 - FIXED-LENGTH DATA ELEMENTS--GENERAL INFORMATION | |
| fixed length control field | 110720e20110709xxk 000 0 eng d |
| 035 ## - SYSTEM CONTROL NUMBER | |
| System control number | (Sirsi) u153405 |
| 041 0# - LANGUAGE CODE | |
| Language code of text/sound track or separate title | eng |
| 100 1# - MAIN ENTRY--PERSONAL NAME | |
| Personal name | Dowsett, Kathryn |
| 245 00 - TITLE STATEMENT | |
| Title | East meets West |
| 260 ## - PUBLICATION, DISTRIBUTION, ETC. | |
| Date of publication, distribution, etc. | 2011 |
| 490 ## - SERIES STATEMENT | |
| Series statement | Estates Gazette |
| Volume/sequential designation | (1127) 9 July 2011, 68-70(3) |
| 520 ## - SUMMARY, ETC. | |
| Summary, etc. | Opportunties and challenges for Chinese companies hoping to invest overseas including in the UK over the coming years. Notes that there are a number of extremely complex regulations that make investing overseas complicated for Chinese companies as different rules apply depending on whether the Chinese buyer is a company or an individual. However the rules have slowly become more simplified firstly in 2009 and more recently in March 2011. Certain investments can now follow a fast track but large scale developments still need central approval. |
| 590 ## - LOCAL NOTE (RLIN) | |
| Local note | KA |
| 651 #4 - SUBJECT ADDED ENTRY--GEOGRAPHIC NAME | |
| Geographic name | China |
| 651 #4 - SUBJECT ADDED ENTRY--GEOGRAPHIC NAME | |
| Geographic name | United Kingdom |
| Chronological subdivision | |
| 690 ## - LOCAL SUBJECT ADDED ENTRY--TOPICAL TERM (OCLC, RLIN) | |
| Topical term or geographic name as entry element | PROPERTY-PROPERTY FINANCE AND INVESTMENT |
| 942 ## - ADDED ENTRY ELEMENTS (KOHA) | |
| Suppress in OPAC | 0 |
| Withdrawn status | Lost status | Source of classification or shelving scheme | Damaged status | Not for loan | Home library | Current library | Shelving location | Date acquired | Total Checkouts | Full call number | Barcode | Date last seen | Copy number | Price effective from | Koha item type |
|---|---|---|---|---|---|---|---|---|---|---|---|---|---|---|---|
| Dewey Decimal Classification | London | London | Journal article | 20/07/2011 | L153405 | 153405-1001 | 06/08/2019 | 1 | 06/08/2019 | Journal article |